Smart vision object detection and categorization for visually impaired people (Record no. 12722)
[ view plain ]
| 000 -LEADER | |
|---|---|
| fixed length control field | 00535nam a22001697a 4500 |
| 003 - CONTROL NUMBER IDENTIFIER | |
| control field | NUST |
| 038 ## - RECORD CONTENT LICENSOR | |
| Staff Name | a |
| 082 ## - DEWEY DECIMAL CLASSIFICATION NUMBER | |
| Classification number | BEE-5 ZUL |
| 100 ## - MAIN ENTRY--PERSONAL NAME | |
| Personal name | Zulaikha Kiran |
| 9 (RLIN) | 92786 |
| 245 ## - TITLE STATEMENT | |
| Title | Smart vision object detection and categorization for visually impaired people |
| 260 ## - PUBLICATION, DISTRIBUTION, ETC. | |
| Place of publication, distribution, etc. | Islamabad |
| Name of publisher, distributor, etc. | NUST School of Electrical Engineering and Computer Science |
| Date of publication, distribution, etc. | 2013 |
| 300 ## - PHYSICAL DESCRIPTION | |
| Extent | 67p. |
| Accompanying material | CD-ROM |
| 500 ## - GENERAL NOTE | |
| General note | Supervisor: Dr. Ahmad Salman |
| 563 ## - BINDING INFORMATION | |
| Binding note | a |
| 856 ## - ELECTRONIC LOCATION AND ACCESS | |
| Uniform Resource Identifier | <a href="http://10.250.8.41:8080/xmlui/handle/123456789/9764">http://10.250.8.41:8080/xmlui/handle/123456789/9764</a> |
| 942 ## - ADDED ENTRY ELEMENTS (KOHA) | |
| Koha item type | Thesis |
| Source of classification or shelving scheme | |
| Withdrawn status | Lost status | Source of classification or shelving scheme | Damaged status | Not for loan | Permanent Location | Current Location | Shelving location | Date acquired | Total Checkouts | Full call number | Barcode | Date last seen | Date last checked out | Price effective from | Koha item type |
|---|---|---|---|---|---|---|---|---|---|---|---|---|---|---|---|
| WITHDRAWN | Central Library (CL) | Central Library (CL) | General Stacks | 02/12/2014 | 1 | BEE-5 ZUL | SEECSP01345 | 05/23/2015 | 05/04/2015 | 02/12/2014 | Project Report |
